The Alphabet Game - The Hunger Games Edition - Statistics

General Stats
  • This quiz has been taken 232 times
  • The average score is 18 of 20
Answer Stats
% Correct
B Katniss’s favorite weapon Bow
99%
K The brave girl who volunteers for the Games Katniss
97%
D The 12 (plus 13) areas where people live District
96%
P Katniss’s fellow tribute and ally Peeta
96%
R The young tribute who befriends Katniss Rue
96%
W Snow sent Katniss roses of this color to remind her who is in charge White
96%
A The dangerous place where the Games happen Arena
95%
G Katniss’s best friend from District 12 Gale
95%
H The yearly fight to the death Hunger Games
95%
M The symbol of rebellion Mockingjay
95%
F This element covers Katniss' and Peeta's clothes in their presentation Fire
94%
C The powerful city that controls Panem Capitol
93%
Q A special Hunger Games event held every 25 years Quarter Quell
91%
I The event where tributes talk to the audience before the Games Interview
89%
T A young person chosen to fight in the Hunger Games Tribute
89%
N Peeta and Katniss use these deadly berries as a last choice to win the Hunger Games Nightlock
87%
S People who send gifts to tributes during the Games Sponsor
87%
J A Capitol-created bird used for spying Jabberjay
83%
E The Capitol’s colorful escort for the tributes Effie
82%
U Where the rebels hide, including District 13, to fight the Capitol Underground
81%
No matching quizzes found
Score Distribution
Percent of People with Each Score
Percentile by Number Answered
Your Score History
You have not taken this quiz